000 00387nam a2200157Ia 4500
008 230917s9999||||xx |||||||||||||| ||und||
040 _e49372
_aMAIN
041 _aEnglish
082 _a823.7 D555G
100 _aDickens, Charles
245 0 _aGreat expectations
250 _a2nd ed.
260 _aNew York
_bHolt Rinehart and Winston
_c1948
300 _axvi, 470 p.
942 _cBK
999 _c185416
_d185416